000 00694nam a2200241 a 4500
008 951214s1988||||[C 0 slo c
020 _c25
040 _aSNK
_bslo
_cSNK
_eAACR2
041 1 _aslo
_hswe
044 _axo
_cSK
080 _a839.7-3
080 _a929 Alexander Macedónsky
100 1 _aLundkvist, Artur
_4aut
245 1 0 _aBojovníkova pieseň
_cArtur Lundkvist ; Milan Richter, Fedor Kiš
250 _a1., vyd.
260 _aBratislava
_bTatran
_c1988
_eBratislava
_fPravda
300 _a244 s., 12,59 AH
_c20 cm
490 0 _aMeteor
_vZv. 120.
500 _aIlustr. na front. a predsádkach.
700 1 _aRichter, Milan
_4trl
700 1 _aKiš, Fedor
_4bkd
958 _aA
999 _c12153
_d12153